LEADER 00856nas a2200229 i 4500 001 000000149256 003 CaOOAMICUS 005 20140417000000.0 008 060329b2005 it uu u0 0ita r 013 $a126576 020 $a88-7462-058-6 040 $aSeMil$bita 100 1 $aMatteucci, Giovanni.$0(OLS)http://semarc/name/13130 245 10$aElementi di estetica analitica /$c[a cura di Giovanni Matteucci]. 260 $aMacerata :$bQuodlibet,$c2005. 300 $a222 p. ;$c22 cm. 500 $aTitolo in copertina. 850 $aSeMil 852 $aSeMil$W1$xVenegono$y1$m151 4 15/2$j101551$B101551$CSeMilBibl$Z2$F110157 $85 996 $6020$a88-7462-058-6$9(OLS)http://semarc/number/138372 996 $6245$aElementi di estetica analitica$9(OLS)http://semarc/title/218211 996 $6260$aMacerata :$bQuodlibet$9(OLS)http://semarc/publisher/33216 LEADER 01228nam a2200253 i 4500 001 000000078911 003 CaOOAMICUS 005 20170310000000.0 008 170310s1889 it u000 u ita u 013 $a51148 040 $aSeMil$bita 100 1 $aBelgrano, Luigi Tommaso <1838-1895>.$0(OLS)http://semarc/name/91108 245 10$aManuale di storia delle colonie :$bad uso degli istituti tecnici secondo il programma approvato con R. Decreto 21 giugno 1885 /$cL. T. Belgrano. 250 $a2. Ed. 260 $aFirenze :$bG. Barbčra,$c1889. 300 $aXIII, 265 p. ;$c19 cm. 490 0 $aCollezione scolastica : secondo i programmi governativi 650 4$aColonie - Storia.$0(OLS)http://semarc/subject/45164 830 0$aCollezione scolastica : secondo i programmi governativi.$0(OLS)http://semarc/title/10572 850 $aSeMil 852 $aSeMil$W1$xVenegono$y1$m3S I 62 FA$j44708$B44708$CSeMilBibl$Z2$F46507 $8I 961 $aLascito: Galli Emilio, prof. 996 $6245$aManuale di storia delle colonie :$bad uso degli istituti tecnici secondo il programma approvato con R. Decreto 21 giugno 1885$9(OLS)http://semarc/title/403031 996 $6260$aFirenze :$bG. Barbčra$9(OLS)http://semarc/publisher/31283